<?xml version="1.0" encoding="UTF-8"?>
<collection xmlns:xsi="http://www.w3.org/2001/XMLSchema-instance" xsi:schemaLocation="http://www.loc.gov/MARC21/slim http://www.loc.gov/standards/marcxml/schema/MARC21slim.xsd" xmlns="http://www.loc.gov/MARC21/slim">
 <record>
  <leader>00000nam a2200000 a 4500</leader>
  <controlfield tag="001">000450220</controlfield>
  <controlfield tag="005">20260413134414.0</controlfield>
  <controlfield tag="008">130918s2014    xr co  e      001 1ccze d</controlfield>
  <datafield tag="FMT" ind1=" " ind2=" "/>
  <datafield tag="020" ind1=" " ind2=" ">
   <subfield code="a">9788020023155 (viaz.)</subfield>
  </datafield>
  <datafield tag="040" ind1=" " ind2=" ">
   <subfield code="a">SVKKK</subfield>
   <subfield code="b">slo</subfield>
   <subfield code="c">SVKKK</subfield>
   <subfield code="e">AACR2</subfield>
  </datafield>
  <datafield tag="041" ind1="0" ind2=" ">
   <subfield code="a">cze</subfield>
  </datafield>
  <datafield tag="043" ind1=" " ind2=" ">
   <subfield code="a">e-xr---</subfield>
  </datafield>
  <datafield tag="044" ind1=" " ind2=" ">
   <subfield code="a">xr</subfield>
   <subfield code="c">CZ</subfield>
  </datafield>
  <datafield tag="072" ind1=" " ind2="7">
   <subfield code="a">929</subfield>
   <subfield code="x">Biografie</subfield>
   <subfield code="2">konspekt</subfield>
  </datafield>
  <datafield tag="080" ind1=" " ind2=" ">
   <subfield code="a">929</subfield>
   <subfield code="2">2001</subfield>
  </datafield>
  <datafield tag="080" ind1=" " ind2=" ">
   <subfield code="a">070.42</subfield>
   <subfield code="2">2001</subfield>
  </datafield>
  <datafield tag="080" ind1=" " ind2=" ">
   <subfield code="a">323</subfield>
   <subfield code="2">2001</subfield>
  </datafield>
  <datafield tag="080" ind1=" " ind2=" ">
   <subfield code="a">(437.3)</subfield>
   <subfield code="2">2001</subfield>
  </datafield>
  <datafield tag="080" ind1=" " ind2=" ">
   <subfield code="a">(0:82-94)</subfield>
   <subfield code="2">2001</subfield>
  </datafield>
  <datafield tag="100" ind1="1" ind2=" ">
   <subfield code="a">Pacner, Karel,</subfield>
   <subfield code="d">1936-2021</subfield>
   <subfield code="4">aut</subfield>
  </datafield>
  <datafield tag="245" ind1="1" ind2="0">
   <subfield code="a">Lidé v mé paměti /</subfield>
   <subfield code="c">Karel Pacner.</subfield>
  </datafield>
  <datafield tag="250" ind1=" " ind2=" ">
   <subfield code="a">Vyd. 1.</subfield>
  </datafield>
  <datafield tag="260" ind1=" " ind2=" ">
   <subfield code="a">Praha :</subfield>
   <subfield code="b">Academia,</subfield>
   <subfield code="c">2014.</subfield>
  </datafield>
  <datafield tag="300" ind1=" " ind2=" ">
   <subfield code="a">466 s. :</subfield>
   <subfield code="b">fotogr., portréty ;</subfield>
   <subfield code="c">21 cm.</subfield>
  </datafield>
  <datafield tag="490" ind1="1" ind2=" ">
   <subfield code="a">Paměť</subfield>
   <subfield code="v">sv. 70</subfield>
  </datafield>
  <datafield tag="504" ind1=" " ind2=" ">
   <subfield code="a">Bibliografia: s. 457; menný register: s. 458-466</subfield>
  </datafield>
  <datafield tag="600" ind1="1" ind2="7">
   <subfield code="a">Pacner, Karel,</subfield>
   <subfield code="d">1936-2014</subfield>
   <subfield code="2">SVKKKMA</subfield>
  </datafield>
  <datafield tag="648" ind1=" " ind2="7">
   <subfield code="a">1936-2014</subfield>
   <subfield code="2">SVKKKPH</subfield>
  </datafield>
  <datafield tag="650" ind1="0" ind2="7">
   <subfield code="a">novinári</subfield>
   <subfield code="x">priatelia a spolupracovníci</subfield>
   <subfield code="2">SVKKKPH</subfield>
  </datafield>
  <datafield tag="650" ind1="0" ind2="7">
   <subfield code="a">osobnosti</subfield>
   <subfield code="2">SVKKKPH</subfield>
  </datafield>
  <datafield tag="650" ind1="0" ind2="7">
   <subfield code="a">spoločnosť a politika</subfield>
   <subfield code="2">SVKKKPH</subfield>
  </datafield>
  <datafield tag="651" ind1=" " ind2="7">
   <subfield code="a">Česko</subfield>
   <subfield code="2">SVKKKPH</subfield>
  </datafield>
  <datafield tag="655" ind1=" " ind2="7">
   <subfield code="a">portréty</subfield>
   <subfield code="2">SVKKKPH</subfield>
  </datafield>
  <datafield tag="655" ind1=" " ind2="7">
   <subfield code="a">autobiografické spomienky</subfield>
   <subfield code="2">SVKKKPH</subfield>
  </datafield>
  <datafield tag="830" ind1=" " ind2="0">
   <subfield code="a">Paměť (Academia)</subfield>
   <subfield code="v">sv. 60</subfield>
  </datafield>
  <datafield tag="910" ind1=" " ind2=" ">
   <subfield code="a">svkkk</subfield>
  </datafield>
  <datafield tag="919" ind1=" " ind2=" ">
   <subfield code="a">978-80-200-2315-5</subfield>
  </datafield>
  <datafield tag="998" ind1=" " ind2=" ">
   <subfield code="a">BK</subfield>
  </datafield>
  <datafield tag="OWN" ind1=" " ind2=" "/>
  <datafield tag="Z30" ind1=" " ind2="1">
   <subfield code="l">SCK01</subfield>
   <subfield code="l">SCK01</subfield>
   <subfield code="m">BOOK</subfield>
   <subfield code="1">SCKHL</subfield>
   <subfield code="2">SK2</subfield>
   <subfield code="b">Sklad Hlavná 10 prízemie</subfield>
   <subfield code="3">III.228855</subfield>
   <subfield code="6">1053550</subfield>
   <subfield code="q">20140310</subfield>
   <subfield code="5">2720304132</subfield>
   <subfield code="8">20140310</subfield>
   <subfield code="g">EMPTYKNIHA</subfield>
   <subfield code="f">70</subfield>
   <subfield code="s">Absenčne</subfield>
   <subfield code="g">000093400</subfield>
   <subfield code="h">SCKHL</subfield>
   <subfield code="z">20.25</subfield>
   <subfield code="t">20240816</subfield>
   <subfield code="u">0727</subfield>
   <subfield code="w">000450220</subfield>
   <subfield code="x">000010</subfield>
   <subfield code="r">PC</subfield>
   <subfield code="r">003</subfield>
  </datafield>
  <datafield tag="a02" ind1="0" ind2=" ">
   <subfield code="a">9788020023155 (viaz.)</subfield>
  </datafield>
  <datafield tag="090" ind1=" " ind2=" ">
   <subfield code="g">SCKHL</subfield>
   <subfield code="k">Sklad Hlavná 10 prízemie</subfield>
   <subfield code="a">III.228855</subfield>
   <subfield code="j">1053550</subfield>
   <subfield code="i">2720304132</subfield>
   <subfield code="s">Absenčne</subfield>
   <subfield code="r">003</subfield>
  </datafield>
 </record>
</collection>
